| 000 | 00362nam a2200157Ia 4500 | ||
|---|---|---|---|
| 003 | OSt | ||
| 005 | 20240201111401.0 | ||
| 008 | 170523s9999 xx 000 0 und d | ||
| 020 | _a0074638203 | ||
| 040 | _ciimt university meerut | ||
| 100 | _aPORWAL- LS | ||
| 245 | 0 | _aACCOUNTING THEORY | |
| 260 | _bDELHI TATA MC GRAW HILL | ||
| 260 | _c1998 | ||
| 942 |
_2ddc _c02 |
||
| 999 |
_c203 _d203 |
||